000 01685nam a22003977a 4500
003 CHAP
005 20220329143433.0
008 090817s2009 mx r 00010 spa d
010 _a96588
011 _a97560
035 _a108228
040 _cCHAP
090 _aTesis
100 1 _aGaspar Ramírez , Herminio Francisco.
_947228
245 1 0 _aCaracterización morfológica y Patrones de distribución de una población nativa de pitayo (Stenocereus Griseus (Haworth)) en el Municipio de San Ciro de Acosta, S. L. P.
_c/por Herminio Francisco Gaspar Ramírez y Carlos Erminio Perez Alcasar
260 _aChapingo, Méx. :
_bEl autor,
_c2009
300 _aiv, 70 h. :
_bcuadros, gráfs. , mapas
502 _aTesis (Ing. en Recursos Naturales Renovables) -- UACH. Departamento de Suelos
530 _aTambién disponible en línea
590 _aALEPH
_b10
_c20130110
_lUCH01
_h1529
590 _aBATCH-UPD
_b10
_c20130110
_lUCH01
_h0921
590 _aBATCH-UPD
_b10
_c20130410
_lUCH01
_h0543
590 _aBATCH-UPD
_b10
_c20130914
_lUCH01
_h0806
590 _aBATCH-UPD
_b10
_c20140324
_lUCH01
_h1512
590 _aBATCH-UPD
_b10
_c20141002
_lUCH01
_h0840
590 _aCONVERSION
_b10
_c20130109
_lUCH01
_h1353
650 1 4 _aCactáceas
_xSan Luis Potosí.
_917016
650 1 4 _aFruta
_xFisiología y morfología.
_943618
650 1 4 _aStenocereus.
_9109642
700 1 _aPérez Alcázar, Carlos Erminio.
_989497
856 _3Finding aid
_uhttp://10.13.5.2/tesis/108228.pdf
_zTeclea aqui
901 _aBK
942 _cFOLL
949 _aTesis
_bBC
_cTES
_d33724002120561
_eTS1
_gDonaciØn
_h49440
_i108228
_sb
949 _aTesis
_bBC
_cTES
_d33724002120603
_eTS2
_fc.2
_gDonaciØn
_h49441
_i108228
_si
999 _c96588
_d96588